Countries with embassies and consulates in Tajikistan - Statistics

General Stats
  • This quiz has been taken 78 times
  • The average score is 20 of 22
Answer Stats
Continent Country % Correct
Asia China
100%
Asia/ Europe Russia
100%
North America United States of America
100%
Europe France
99%
Asia India
99%
Asia/ Europe Turkey
99%
Asia Turkmenistan
99%
Europe United Kingdom
99%
Europe Germany
96%
Asia Japan
96%
Asia Pakistan
96%
Asia Uzbekistan
94%
Asia Afghanistan
93%
Asia Azerbaijan
93%
Asia Iran
93%
Asia Kazakhstan
93%
Europe Ukraine
91%
Asia South Korea
87%
Europe Belarus
84%
Asia Kyrgyzstan
84%
Asia Saudi Arabia
81%
Asia Qatar
77%
No matching quizzes found
Score Distribution
Percent of People with Each Score
Percentile by Number Answered
Your Score History
You have not taken this quiz